| 000 | 00000nam##2200000za#4500 |
| 001 | 9.603550 |
| 003 | CaOODSP |
| 005 | 20240911080551 |
| 007 | cr ||||||||||| |
| 008 | 150406|1993||||xxc|||||o f|0| 0 fre|d |
| 040 | |aCaOODSP|bfre |
| 043 | |an-cn--- |
| 086 | 1 |aH113-8/1993-5F-PDF |
| 110 | 1 |aCanada.|bSanté Canada. |bAgence de réglementation de la lutte antiparasitaire. |
| 245 | 10|aLignes directrices pour les permis de recherche sur les antiparasitaires microbiens |h[ressource électronique] |
| 260 | |aOttawa - Ontario : |bSanté Canada. |cLe 25 novembre 1993. |
| 300 | |a37p.|bfigures, tableaux |
| 490 | 1 |aProjet de directive |vPro93-05 |
| 590 | |a12-13-Supp|b2012-04-03 |
| 775 | 08|tResearch permit guidelines for microbial pest control agents |w(CaOODSP)9.573381 |
| 830 | #0|aProjet de directive (Canada. Agence de réglementation de la lutte antiparasitaire)|vPro93-05|w(CaOODSP)9.500881 |
| 856 | 40|ahttp://publications.gc.ca|qPDF|s122 Ko|uhttps://publications.gc.ca/collections/collection_2012/sc-hc/H113-8-1993-5-fra.pdf|yPro93-05 |